[Event "HCL-B244"]
[Site "www.playchess.de"]
[Date "2001.04.22"]
[Round "10"]
[White "Doro"]
[Black "Bill"]
[WhiteElo "1571"]
[BlackElo "1304"]
[PlyCount "92"]
[Result "0-1"]

1.f4 {Hello. I hope we'll have lots of fun.}  b6 
{I hope so too.  Good luck to you.}  2.Nf3 Bb7 
3.e3 e6 4.b3 Nf6 5.Bb2 Be7 6.Be2 Nc6 7.Bb5 O-O 
8.O-O a6 9.Bxc6 Bxc6 10.d3 Ng4 11.Qe1 Bf6 12.Nc3 
d5 13.e4 dxe4 14.dxe4 Qd6 15.e5 Qc5+ 16.Kh1 {Very 
interesting position, isn't it?}  Be7 {Sure is, 
looks like we're divided in quads.}  17.Qe2 Ne3 
18.Rfe1 Bxf3 19.gxf3 Nf5 20.Ne4 Qc6 21.Reg1 {Are 
you sure that the open g file isn't dangerous for 
you? :o)}  Nh4 {Since 1.f4, there's not too much 
I'm sure of!}  22.Rg4 Ng6 23.Rag1 Rfd8 24.Qg2 Rd7 
25.h4 h5 26.Rxg6 fxg6 27.Qxg6 Bc5 {Very clever :(} 
 28.Nf6+ {I thought, you`d play Bxh4.}  Kf8 29.Rg3 
Re7 30.f5 Rd8 31.Nh7+ Kg8 32.f6 Red7 {I'm getting 
that squeezed feeling!}  33.f7+ {You always cross 
my plans! But I hope I found the correct move now 
:) My king isn't that secure, too}  Rxf7 34.Ng5 
Rf5 35.Nxe6 Rd1+ 36.Kh2 Rd2+ 37.Kh3 Rf7 38.Bc3 Rd1 
39.Nf4 Rh1+ 40.Kg2 Qxg6 41.Nxg6 Rc1 42.e6 Rxc2+ 
43.Kh3 Rf5 44.f4 Rd5 45.Bxg7 Rdd2 46.Ne7+ 
Kh7 0-1

[Event "ACL-E009"]
[Site "www.playchess.de"]
[Date "2001.04.22"]
[Round "9"]
[White "deepcover"]
[Black "MicronHead"]
[WhiteElo "1732"]
[BlackElo "1515"]
[PlyCount "61"]
[Result "1-0"]

1.e4 d5 2.exd5 Qxd5 3.Nc3 Qe6+ 4.Be2 Nf6 5.d4 Bd7 
6.Nf3 Bc6 7.O-O Nbd7 8.Bf4 Rc8 9.Bg3 Nd5 10.Nb5 
Bxb5 11.Bxb5 N5f6 12.Re1 Qb6 13.Bc4 e6 14.d5 Nc5 
15.dxe6 fxe6 16.Bxe6 Nxe6 17.Ng5 Be7 18.Nxe6 g6 
19.Qe2 Rg8 20.Rad1 h6 21.Qe5 a6 22.Nf4 Rg7 23.Nd5 
Nxd5 24.Qxg7 Qf6 25.Qg8+ Qf8 26.Qxd5 Ra8 27.Rxe7+ 
Kxe7 28.Qe5+ Kf7 29.Rd7+ Kg8 30.Qe6+ Kh8 
31.Be5+ 1-0

[Event "ACL-A132"]
[Site "www.playchess.de"]
[Date "2001.04.22"]
[Round "13"]
[White "Think"]
[Black "quant"]
[WhiteElo "1500"]
[BlackElo "1500"]
[PlyCount "59"]
[Result "1-0"]

1.e4 {Hello do you play in a club?}  e5 {hello.no} 
 2.Nf3 {What is your profession?}  Nc6 {student}  
3.Bc4 {What do you study?}  Nf6 {physics}  4.Ng5 
{Oh well my father is physican.}  d5 {good}  
5.exd5 {What exactly do you study?}  Na5 {i am now 
a undergraduate student on physics.future i want 
to study particle physics}  6.Bb5+ {where exactly 
are you from? Ankana?}  c6 {yes}  7.dxc6 {This 
opening is very interisting.}  bxc6 {no it is not 
good for white}  8.Be2 {But you can attack!}  Bc5 
9.Nc3 h6 10.Nge4 {Have you good experiences with 
Bc5}  Bb6 {not exactly..but it is theoretical}  
11.O-O O-O 12.b4 Nb7 13.Bb2 Nxe4 14.Nxe4 Qe7 15.a3 
Bf5 16.Bf3 Nd6 17.Ng3 {Why is your nickname 
Quant?}  Bg6 {i love physics}  18.d3 Rac8 19.Re1 
f6 20.Bg4 Rc7 21.c4 c5 22.d4 Nxc4 23.dxc5 Nxb2 
24.Qb3+ Bf7 25.Qxb2 {I go on Holiday now! (14d)}  
Bxc5 26.bxc5 Rxc5 27.Nf5 Qc7 28.Rac1 {hi}  Rb8 
29.Rxc5 {what a bad move!}  Rxb2 {fuck off}  
30.Rxc7 {Don't be so cruel to me. Brrrrrrrrr} 
 1-0

[Event "HCL-A120"]
[Site "www.playchess.de"]
[Date "2001.04.22"]
[Round "9"]
[White "Hajtman"]
[Black "Whatever"]
[WhiteElo "1700"]
[BlackElo "1532"]
[PlyCount "40"]
[Result "0-1"]

1.d4 Nf6 {Have a good game.}  2.c4 g6 3.Nc3 d5 
4.Bg5 Ne4 5.Nxe4 dxe4 6.d5 Bg7 7.Qc2 Bf5 8.Qb3 b6 
9.g3 c6 10.Bg2 O-O 11.Rc1 cxd5 12.cxd5 Nd7 13.d6 
Bf6 {nice surprise}  14.Bxf6 exf6 15.Rd1 Nc5 
16.Qa3 Re8 17.Nh3 Re6 18.b4 Nd7 19.Nf4 Re5 20.Nd5 
a5 0-1

[Event "HCL-B270"]
[Site "www.playchess.de"]
[Date "2001.04.22"]
[Round "9"]
[White "Tsiounis"]
[Black "terminmater"]
[WhiteElo "1500"]
[BlackElo "1500"]
[PlyCount "24"]
[Result "0-1"]

1.d4 Nf6 2.Nf3 g6 3.Nc3 d5 4.Bg5 Bg7 5.Qd3 O-O 
6.O-O-O c6 7.e4 dxe4 8.Nxe4 Bf5 9.Bxf6 exf6 10.Nh4 
Be6 11.Nf3 {i must go now!please accept my draw!}  
Qb6 {its just now getting interesting}  12.Qa3 
Rd8 0-1

[Event "ACL-A141"]
[Site "www.playchess.de"]
[Date "2001.04.22"]
[Round "21"]
[White "deadeasy"]
[Black "Zynaps"]
[WhiteElo "1902"]
[BlackElo "1791"]
[PlyCount "72"]
[Result "0-1"]

1.d4 d5 2.Nc3 Nf6 3.e4 dxe4 4.f3 exf3 5.Nxf3 Bg4 
6.h3 Bh5 7.g4 Bg6 8.Ne5 c6 9.Bg2 e6 10.Bg5 Nbd7 
11.Qe2 Bb4 12.O-O Nxe5 13.dxe5 Qb6+ 14.Kh1 Nd7 
15.Ne4 h5 16.c3 Bf8 17.Be3 Qc7 18.Nd6+ Bxd6 
19.exd6 Qxd6 20.g5 e5 21.Rad1 Qe6 22.b3 a6 23.c4 
O-O-O 24.c5 Nb8 25.h4 Rxd1 26.Rxd1 Qg4 27.Qe1 Be4 
28.Bxe4 Qxe4+ 29.Kh2 Nd7 30.Qg3 f5 31.gxf6 {this 
is looking bleak :-(}  Nxf6 {It doesn't strike me 
as a good idea to play gambits against computers, 
they defend too well}  32.Re1 {a fair comment.}  
Ng4+ 33.Kg1 Rf8 34.Qg2 Rf3 35.Bf2 Qd3 36.Rf1 
Nxf2 0-1

[Event "HCL-B268"]
[Site "www.playchess.de"]
[Date "2001.04.22"]
[Round "19"]
[White "Franky"]
[Black "Matu"]
[WhiteElo "1786"]
[BlackElo "1563"]
[PlyCount "49"]
[Result "1-0"]

1.e4 d5 2.exd5 Qxd5 3.Nc3 Qa5 4.d4 Bf5 5.Nf3 Nf6 
6.Bc4 e6 7.Bd2 c6 8.Nd5 Qd8 9.Nxf6+ gxf6 10.Qe2 
Bxc2 11.Bc3 Bg6 12.O-O-O Bh6+ 13.Bd2 Bg7 14.Bc3 
Nd7 15.d5 e5 16.dxc6 bxc6 17.g4 Qc7 18.h4 h5 19.g5 
f5 20.Rxd7 Qxd7 21.Nxe5 Qe7 22.Rd1 Bxe5 23.Bxe5 
O-O 24.Rd6 Kh7 25.Qxh5+ 1-0

[Event "HCL-C273"]
[Site "www.playchess.de"]
[Date "2001.04.22"]
[Round "4"]
[White "Claire"]
[Black "SpiderP"]
[WhiteElo "754"]
[BlackElo "899"]
[PlyCount "44"]
[Result "1/2-1/2"]

1.d4 f5 2.Nf3 d5 3.Nc3 e6 4.Ne5 Qf6 5.Bf4 Nd7 
6.Nb5 Kd8 7.Qd2 h6 8.Qc3 c6 9.e3 Nxe5 10.Bxe5 Qg6 
11.Nd6 Bxd6 12.Bxd6 Nf6 13.Qc5 Ne4 14.Be7+ Ke8 
15.Qb4 Kf7 16.f3 Ng5 17.f4 Ne4 18.Bd3 Qxg2 
19.O-O-O Nf2 20.Rhg1 Qxh2 21.Rdf1 Re8 22.Bd6 
b6 1/2-1/2

[Event "HCL-C273"]
[Site "www.playchess.de"]
[Date "2001.04.22"]
[Round "10"]
[White "SpiderP"]
[Black "King_Slayer"]
[WhiteElo "899"]
[BlackElo "1075"]
[PlyCount "68"]
[Result "0-1"]

1.e4 e6 2.d4 d5 3.Nc3 Bb4 4.Nge2 dxe4 5.a3 Bxc3+ 
6.Nxc3 Nf6 7.Bg5 h6 8.Bh4 g5 9.Bg3 a6 10.Be5 Nc6 
11.Bxf6 Qxf6 12.Nxe4 Qxd4 13.Qxd4 Nxd4 14.Bd3 Bd7 
15.O-O Bb5 16.Rad1 Bxd3 17.Rxd3 O-O-O 18.Rd2 f5 
19.Nf6 Nf3+ 20.gxf3 Rxd2 21.Re1 Rxc2 22.Rxe6 Rxb2 
23.Re1 Rb3 24.a4 Rxf3 25.Re7 Kd8 26.Re2 b5 27.Rb2 
c6 28.Rd2+ Ke7 29.Nh5 b4 30.Ng3 b3 31.Re2+ Kf7 
32.Rd2 Rb8 33.Kg2 Rxg3+ 34.Kxg3 
b2 0-1

[Event "ACL-A128"]
[Site "www.playchess.de"]
[Date "2001.04.22"]
[Round "9"]
[White "Bastian2"]
[Black "patharp"]
[WhiteElo "1500"]
[BlackElo "1745"]
[PlyCount "72"]
[Result "0-1"]

1.e4 e6 2.Nf3 d5 3.exd5 Qxd5 4.Nc3 Qd8 5.d4 Bb4 
6.Bd2 Nf6 7.a3 Be7 8.Bg5 Nc6 9.Bxf6 Bxf6 10.d5 
Bxc3+ 11.bxc3 Qxd5 12.Qxd5 exd5 13.Nd4 Nxd4 
14.cxd4 a6 15.c4 dxc4 16.Bxc4 O-O 17.O-O Bd7 
18.Rfb1 b5 19.Be2 Rad8 20.Rbd1 Be6 21.a4 c6 
22.axb5 axb5 23.Ra6 Bd5 24.Bf3 Bxf3 25.gxf3 c5 
26.Ra5 cxd4 27.Rxb5 Rd6 28.Rb4 Rfd8 29.Kf1 d3 
30.Ke1 g6 31.Kd2 R6d4 32.Rxd4 Rxd4 33.Ke3 Rh4 
34.Rh1 Rh3 35.Kxd3 Rxf3+ 36.Ke2 
Rh3 0-1

[Event "HCL-A126"]
[Site "www.playchess.de"]
[Date "2001.04.22"]
[Round "4"]
[White "kazimierski"]
[Black "Maxim"]
[WhiteElo "1800"]
[BlackElo "1800"]
[PlyCount "22"]
[Result "0-1"]

1.b4 e5 {good luck}  2.Bb2 f6 3.e4 Bxb4 4.Bc4 Nc6 
5.f4 d6 6.f5 h5 7.Bxg8 Rxg8 8.Qxh5+ Ke7 9.a3 Bc5 
10.Ne2 Bd7 {Sorry for being late.}  11.Qh3 
Qc8 0-1

[Event "HCL-A126"]
[Site "www.playchess.de"]
[Date "2001.04.22"]
[Round "7"]
[White "janus"]
[Black "kazimierski"]
[WhiteElo "1911"]
[BlackElo "1800"]
[PlyCount "33"]
[Result "1-0"]

1.e4 {Good luck for you and a thrilling game for 
us !!}  e5 {Hi}  2.f4 d5 3.exd5 e4 4.Nc3 Nf6 
5.Bb5+ c6 6.dxc6 bxc6 7.Bc4 Bc5 8.d3 Bf5 9.dxe4 
Qxd1+ 10.Kxd1 Nxe4 11.Nxe4 Bxe4 12.Nf3 Bxf3+ 
13.gxf3 O-O 14.c3 Nd7 15.b4 Bb6 16.Kc2 Rad8 
17.b5 1-0

[Event "HCL-E049"]
[Site "www.playchess.de"]
[Date "2001.04.22"]
[Round "5"]
[White "Merscheid"]
[Black "Qaurial"]
[WhiteElo "2238"]
[BlackElo "1626"]
[PlyCount "51"]
[Result "1-0"]

1.e4 c5 2.Nf3 Nc6 3.d4 cxd4 4.Nxd4 Nf6 5.Nc3 e5 
6.Ndb5 d6 7.Nd5 Nxd5 8.exd5 Nb8 9.c4 a6 10.Nc3 Be7 
11.Bd3 O-O 12.O-O f5 13.Qe2 Nd7 14.Bc2 Nf6 15.a4 
Bd7 16.a5 Rc8 17.b3 h6 18.Re1 f4 19.Bxf4 exf4 
20.Qxe7 Re8 21.Qxd6 Rxe1+ 22.Rxe1 Qxa5 23.b4 Qc7 
24.Qxc7 Rxc7 25.d6 Rxc4 26.Bb3 1-0

[Event "HCL-M017"]
[Site "www.playchess.de"]
[Date "2001.04.22"]
[Round "17"]
[White "pionul"]
[Black "mklengel"]
[WhiteElo "2200"]
[BlackElo "2200"]
[PlyCount "26"]
[Result "0-1"]

1.c4 e6 2.Nf3 d5 3.g3 Nf6 4.Bg2 c5 5.O-O Nc6 
6.cxd5 exd5 7.d4 Be7 8.Nc3 O-O 9.Bg5 cxd4 10.Nxd4 
{Hello!}  h6 11.Bxf6 {Hello!}  Bxf6 12.e3 Nxd4 
13.exd4 Be6 0-1

[Event "HCL-C276"]
[Site "www.playchess.de"]
[Date "2001.04.22"]
[Round "2"]
[White "Budgie"]
[Black "Lukas"]
[WhiteElo "599"]
[BlackElo "542"]
[PlyCount "90"]
[Result "0-1"]

1.c4 c5 2.Nc3 Nc6 3.g4 e6 4.Nf3 a6 5.b3 Rb8 6.Bg2 
b5 7.cxb5 axb5 8.a4 bxa4 9.bxa4 Qa5 10.d3 Qxc3+ 
11.Bd2 Qb3 12.Qxb3 Rxb3 13.Kf1 Be7 14.d4 cxd4 
15.a5 Ba6 16.Bh3 Rxf3 17.Bg2 Rb3 18.f4 d5 19.Kf2 
Nf6 20.Rhb1 Rxb1 21.Rxb1 Ne4+ 22.Bxe4 dxe4 23.Rb6 
e3+ 24.Bxe3 dxe3+ 25.Kxe3 Bc5+ 26.Kf3 Bxb6 27.axb6 
O-O 28.h4 Rd8 29.g5 Nd4+ 30.Kg4 Nxe2 31.f5 Rd4+ 
32.Kf3 Nc3 33.Ke3 Rxh4 34.fxe6 fxe6 35.Kd2 Ne4+ 
36.Ke3 Nxg5 37.Kd2 Rf4 38.Kc3 h5 39.Kb3 h4 40.Kc3 
h3 41.Kd2 h2 42.Ke3 Re4+ 43.Kf2 h1Q {%}  44.Kg3 
Qh3+ 45.Kf2 Qh2+ 0-1

[Event "HCL-A125"]
[Site "www.playchess.de"]
[Date "2001.04.22"]
[Round "19"]
[White "Kasparovjr"]
[Black "cabe"]
[WhiteElo "1740"]
[BlackElo "1663"]
[PlyCount "39"]
[Result "1-0"]

1.e4 {Hi :-)}  e5 {Hello. Have a nice game!}  
2.Nf3 Nf6 3.Nxe5 d6 4.Nf3 Nxe4 5.d4 d5 6.Bd3 Bd6 
7.O-O O-O 8.c4 c6 9.Qc2 f5 10.Nc3 Nxc3 11.bxc3 Be6 
12.Ng5 Bc8 13.Re1 Re8 14.Bd2 Rxe1+ 15.Rxe1 h6 
16.Ne6 Bxe6 17.Rxe6 Qc7 18.Bxf5 Bxh2+ 19.Kh1 Bf4 
20.Re8+ {Mate in three...}  1-0

[Event "HCL-B281"]
[Site "www.playchess.de"]
[Date "2001.04.22"]
[Round "34"]
[White "Claudio"]
[Black "soymilk"]
[WhiteElo "1400"]
[BlackElo "1169"]
[PlyCount "59"]
[Result "1-0"]

1.e4 {Good game!}  e6 {Here's to an interesting 
and challenging game!}  2.d4 {Best regards}  d5 
3.Nd2 {The task also I}  c5 4.exd5 {Ciao}  Qxd5 
{Ciao}  5.Ngf3 {Regards}  cxd4 6.Bc4 Qd6 7.O-O Nf6 
8.Nb3 Nc6 9.Nbxd4 {Ciao}  Nxd4 10.Nxd4 a6 11.Re1 
Qc7 12.Bb3 Bd6 13.Nf5 Bxh2+ 14.Kh1 O-O 15.Nxg7 Rd8 
16.Qf3 Kxg7 17.Bh6+ Kg6 18.c3 Nd5 19.Rad1 Kxh6 
20.Rxd5 exd5 21.Qf6+ Kh5 22.Bd1+ Bg4 23.Bxg4+ Kxg4 
24.f3+ Kg3 25.Qg5+ Kf2 26.Qe3+ Kg3 {Perpetual 
check....}  27.f4+ {not perpetual check}  Kg4 
{Nice move, didn't even see that!}  28.Qf3+ 
{Regards, Claudio}  Kf5 29.Qh5+ Kf6 30.Qg5+ {Best 
regards, Claudio}  1-0

[Event "HCL-B286"]
[Site "www.playchess.de"]
[Date "2001.04.22"]
[Round "10"]
[White "SAROS"]
[Black "Michael_Schenk"]
[WhiteElo "1266"]
[BlackElo "1316"]
[PlyCount "75"]
[Result "1/2-1/2"]

1.e4 {Hello from Istanbul}  c6 {Hello back from 
Hamburg, Germany. Have fun!}  2.d4 d5 3.f3 g6 
4.Be3 Bg7 5.Nc3 e6 6.Qd2 Nd7 7.O-O-O Ne7 8.h4 Nb6 
9.Nh3 O-O 10.Bh6 dxe4 11.Bxg7 Kxg7 12.fxe4 Ng8 
13.e5 f6 14.exf6+ Nxf6 15.Be2 Nbd5 16.g4 Nxc3 
17.Qxc3 Qd5 18.Kb1 h5 19.gxh5 Nxh5 20.Rhg1 Rf6 
21.Ng5 Bd7 22.Bxh5 gxh5 23.Ne4+ Rg6 24.Rxg6+ Kxg6 
25.Qg3+ Kf7 26.Rf1+ Ke7 27.Qg7+ Kd8 28.Qg5+ Qxg5 
29.hxg5 Ke7 30.b3 Rf8 31.Rh1 Be8 32.Rh4 Bg6 33.Ng3 
Rh8 34.Kc1 Kd6 35.c4 e5 36.dxe5+ Kxe5 37.Kb2 b6 
38.Kc3 1/2-1/2

[Event "HCL-B282"]
[Site "www.playchess.de"]
[Date "2001.04.22"]
[Round "3"]
[White "knightmare"]
[Black "hreed"]
[WhiteElo "1500"]
[BlackElo "1200"]
[PlyCount "33"]
[Result "1-0"]

1.d4 {This is my first game here @ playchess. Pls 
be gentle:) lol & good luckin the games!}  d5 
{this is my first game too, good luck!}  2.Nf3 {I 
play under the same handle at net.chess}  Nf6 {I 
play under same handle at ICC}  3.e3 Bf5 4.Bd3 
Bxd3 5.Qxd3 c6 6.O-O Nbd7 7.c4 e6 8.Nc3 Be7 9.Re1 
O-O {I will be travelling April 9}  10.cxd5 exd5 
11.e4 dxe4 12.Nxe4 Nxe4 13.Rxe4 Nf6 14.Re1 Re8 
15.Ne5 Nd5 16.Qf5 f6 17.Qe6+ 1-0

[Event "HCL-B288"]
[Site "www.playchess.de"]
[Date "2001.04.22"]
[Round "13"]
[White "Fringe"]
[Black "Bookkeeper"]
[WhiteElo "1741"]
[BlackElo "1466"]
[PlyCount "48"]
[Result "0-1"]

1.e4 {have a nice game and a good tournament}  c5 
2.Nf3 Nc6 {Thank you the same kind greetings and 
well wishes to you.}  3.d4 cxd4 4.c3 dxc3 5.Nxc3 
e6 6.Bc4 Qc7 7.O-O Nf6 8.Nb5 Qb8 9.e5 Nxe5 10.Bf4 
d6 11.Re1 Nxc4 12.Qa4 Kd8 13.Qxc4 a6 14.Nbd4 Be7 
15.Rad1 h6 16.Ne5 Ke8 17.Nf5 Nh5 18.Nxe7 Nxf4 
19.Nxc8 Qxc8 20.Nxf7 Qxc4 21.Nxd6+ Ke7 22.Nxc4 
Rac8 23.Rd4 b5 24.Ne5 Ne2+ 0-1

[Event "HCL-B290"]
[Site "www.playchess.de"]
[Date "2001.04.22"]
[Round "3"]
[White "bundori"]
[Black "Mr_Chess_12"]
[WhiteElo "1686"]
[BlackElo "1200"]
[PlyCount "49"]
[Result "1-0"]

1.c4 e5 2.Nc3 Bb4 {Hi}  3.Nd5 c6 {you are good i 
can tell}  4.Nxb4 a5 5.Nc2 b6 6.d4 f6 7.dxe5 fxe5 
{hi german}  8.Nf3 {heja, sverge}  e4 {Heja 
sverige!do you speak swedish?germany is called 
tyskland on swedish.}  9.Ng5 h6 {viva los sweden}  
10.Nxe4 {konban wa, sueden no katta}  Nf6 {koreko 
honos las folegos nomeros nunos openo swed}  
11.Nd6+ Ke7 12.e4 Qc7 13.Bf4 {???? Don't 
understand. Only german, english, japanese, latin 
and some polish.}  g5 14.Nf5+ Kd8 15.Bxc7+ Kxc7 
{Clever}  16.Qd6+ Kb7 {Pax vobiskum}  17.Qxf6 
{"suppedo" ergo sum}  Re8 18.Nd6+ Ka6 {i dont 
speak any more latin.}  19.Nxe8 c5 20.Nc7+ Kb7 {i 
will soon resign!will that lower my rank or 
something?}  21.Nxa8 {ranking drops only 1 point, 
cause I'm over 400 points higher}  Kxa8 {where can 
i see my rank?}  22.Qxb6 {click 'MyPage' --> 
'Player Stats' --> 'Games and Rating HCL' (if you 
finished a game)}  Na6 23.Na3 Bb7 24.Nb5 Kb8 {not 
yet}  25.Nd6 1-0

[Event "HCL-B292"]
[Site "www.playchess.de"]
[Date "2001.04.22"]
[Round "12"]
[White "GAZOLA"]
[Black "vijal"]
[WhiteElo "1362"]
[BlackElo "737"]
[PlyCount "59"]
[Result "1-0"]

1.e4 e5 2.Nf3 Nc6 3.Bb5 Bc5 4.O-O d6 5.c3 Bd7 
6.Re1 Nf6 7.a3 h6 8.d3 O-O 9.h3 a6 10.Ba4 Qc8 
11.Be3 Bxe3 12.Rxe3 Ne7 13.Bb3 Ng6 14.d4 exd4 
15.cxd4 Nf4 16.e5 dxe5 17.Nxe5 N4d5 18.Bxd5 Nxd5 
19.Rg3 Nf4 20.Nxd7 Qxd7 21.Qd2 Ng6 22.Nc3 Rad8 
23.Rd1 c6 24.b4 b5 25.Qa2 Qd5 26.Nxd5 Rxd5 27.a4 
Re8 28.axb5 axb5 29.Rc3 Re6 30.Rxc6 1-0

[Event "HCL-A133"]
[Site "www.playchess.de"]
[Date "2001.04.22"]
[Round "15"]
[White "myosotis1984"]
[Black "Gutovsky"]
[WhiteElo "1170"]
[BlackElo "2100"]
[PlyCount "66"]
[Result "0-1"]

1.e4 c5 2.Nf3 d6 3.d4 cxd4 4.Nxd4 Nf6 5.Nc3 a6 
6.Be2 e5 7.Nb3 Be7 8.O-O O-O 9.f4 Nc6 10.f5 d5 
11.exd5 Nb4 12.Kh1 Nbxd5 13.Nxd5 Nxd5 14.Bf3 Nf6 
15.Qe2 Qc7 16.c3 Re8 17.g4 Bd7 18.g5 e4 19.Bg2 Bb5 
20.Qf2 Bxf1 21.Bxf1 Nd5 22.Bg2 Bd8 23.Nd4 Qe5 
24.Be3 Bc7 25.Kg1 Qxh2+ 26.Kf1 Nxe3+ 27.Qxe3 Bf4 
28.Qh3 Qxh3 29.Bxh3 Bxg5 30.Ke2 Rad8 31.Re1 Bf6 
32.Ke3 Bg5+ 33.Kf2 Bh4+ 0-1

[Event "HCL-B292"]
[Site "www.playchess.de"]
[Date "2001.04.22"]
[Round "16"]
[White "Erik"]
[Black "e4forme"]
[WhiteElo "1225"]
[BlackElo "1538"]
[PlyCount "60"]
[Result "0-1"]

1.d4 {Good luck to you!}  g6 {Thanks, Good luck to 
you.}  2.Bf4 {Thanks.}  d6 3.Nf3 Bg7 4.e3 c5 
5.Bb5+ Nc6 6.d5 a6 7.Bxc6+ bxc6 8.c3 cxd5 9.Qxd5 
Be6 10.Qc6+ Bd7 11.Qb7 Nf6 12.Qb3 Rb8 13.Qc2 Qa5 
14.O-O O-O 15.Nbd2 Qb6 16.b3 Nd5 17.Nc4 Qb5 18.a4 
Qxb3 19.Qxb3 Rxb3 20.Rfc1 Nxc3 21.Rc2 Ne2+ 22.Rxe2 
Bxa1 23.a5 {Congratulations!}  Bb5 24.Re1 Bc3 
25.Rc1 Bxc4 26.g4 Bd5 27.Kg2 f5 28.gxf5 Rxf5 29.h4 
Bxf3+ 30.Kxf3 e5 0-1

[Event "HCL-C290"]
[Site "www.playchess.de"]
[Date "2001.04.22"]
[Round "8"]
[White "Henri"]
[Black "olaf"]
[WhiteElo "1000"]
[BlackElo "1335"]
[PlyCount "58"]
[Result "0-1"]

1.e4 c5 2.Nf3 Nc6 3.c4 g6 4.d3 Bg7 5.Be2 d6 6.O-O 
e5 7.Nc3 Nf6 8.Bg5 Ne7 9.Qa4+ Bd7 10.Qa3 a6 
11.Rab1 Bc6 12.b4 Nd7 13.bxc5 Nxc5 14.d4 exd4 
15.Nxd4 Bxd4 16.Nd5 Bxd5 17.cxd5 O-O 18.Bg4 Nxe4 
19.Be3 Nxd5 20.Bxd4 Nd2 21.Rxb7 Nxf1 22.Kxf1 Qg5 
23.h3 Rab8 24.Rb3 Rxb3 25.Qxb3 Qc1+ 26.Bd1 Rc8 
27.g3 Nc3 28.Bxc3 Rxc3 29.Qa4 Rd3 0-1

[Event "HCL-B298"]
[Site "www.playchess.de"]
[Date "2001.04.22"]
[Round "4"]
[White "Ralph"]
[Black "Petra"]
[WhiteElo "1200"]
[BlackElo "1042"]
[PlyCount "47"]
[Result "1-0"]

1.e4 e6 2.d4 d5 3.e5 c5 4.c3 Nc6 5.Nf3 Qb6 6.Be2 
cxd4 7.cxd4 Nge7 8.Nc3 Nf5 9.Na4 Bb4+ 10.Bd2 Qa5 
11.Bc3 Qxa4 12.Qxa4 a5 13.Bxb4 b5 14.Bxb5 Bd7 
15.Bxc6 Rd8 16.Bxa5 Ne7 17.Bxd8 Nxc6 18.Qb3 Nxd8 
19.Qa3 f6 20.Rc1 Nc6 21.Rc3 fxe5 22.Nxe5 Nxe5 
23.Qa8+ Kf7 24.Qxh8 1-0

[Event "HCL-A136"]
[Site "www.playchess.de"]
[Date "2001.04.22"]
[Round "6"]
[White "THEGREENMILE"]
[Black "Drugo_Izdanje"]
[WhiteElo "1300"]
[BlackElo "1818"]
[PlyCount "23"]
[Result "1/2-1/2"]

1.d4 Nf6 2.c4 e5 3.dxe5 Ng4 4.Nf3 Bc5 5.e3 Nc6 
6.Nc3 Ngxe5 7.Be2 O-O 8.O-O Nxf3+ 9.Bxf3 Ne5 
10.Be2 Re8 11.Kh1 d6 12.Nd5 1/2-1/2

[Event "ACL-A164"]
[Site "www.playchess.de"]
[Date "2001.04.22"]
[Round "6"]
[White "THEGREENMILE"]
[Black "Lorsch"]
[WhiteElo "1246"]
[BlackElo "1500"]
[PlyCount "30"]
[Result "0-1"]

1.d4 Nf6 2.c4 g6 3.Nc3 Bg7 4.e4 O-O 5.Be2 d6 6.Nf3 
e5 7.d5 Na6 8.Bg5 h6 9.Bh4 g5 10.Bg3 Nh5 11.Nd2 
Nf4 12.O-O f5 13.exf5 Bxf5 14.Bg4 Bxg4 15.f3 
Bf5 0-1

[Event "HCL-B302"]
[Site "www.playchess.de"]
[Date "2001.04.22"]
[Round "2"]
[White "Ajedrex"]
[Black "Binder"]
[WhiteElo "1873"]
[BlackElo "1287"]
[PlyCount "42"]
[Result "1/2-1/2"]

1.e4 e5 2.Nf3 Nc6 3.d4 exd4 4.Nxd4 Nxd4 5.Qxd4 d6 
6.Nc3 Be6 7.Bf4 Nf6 8.O-O-O Be7 9.e5 dxe5 10.Qxe5 
Qc8 11.Nb5 O-O 12.Nxc7 Rb8 13.Nxe6 fxe6 14.b3 Ng4 
15.Qe2 Qc3 16.Qxe6+ Rf7 17.Bd6 Rd8 18.Bc4 Qa1+ 
19.Kd2 Qd4+ 20.Kc1 Qa1+ 21.Kd2 
Qd4+ 1/2-1/2

[Event "HCL-A136"]
[Site "www.playchess.de"]
[Date "2001.04.22"]
[Round "23"]
[White "kali"]
[Black "teenspirit"]
[WhiteElo "1700"]
[BlackElo "1686"]
[PlyCount "37"]
[Result "1-0"]

1.Nf3 Nc6 {Hi}  2.g3 e5 3.d3 f5 4.Bg2 Bc5 5.O-O 
Nge7 6.Nbd2 O-O 7.b3 d6 8.Bb2 h6 9.e3 Be6 10.a3 a5 
11.c4 Bb6 12.Qc2 Qe8 13.Rae1 Qh5 14.d4 exd4 
15.exd4 d5 16.c5 Bxc5 17.Qxc5 b6 18.Qc2 Bf7 
19.Ne5 1-0

[Event "HCL-A131"]
[Site "www.playchess.de"]
[Date "2001.04.22"]
[Round "7"]
[White "teenspirit"]
[Black "Matti"]
[WhiteElo "1697"]
[BlackElo "1597"]
[PlyCount "53"]
[Result "1-0"]

1.e4 {HI!}  e6 {Hi back. I wish you a good game.}  
2.d4 {Thx. Good luck!}  d5 3.Nc3 Bb4 4.e5 c5 5.a3 
Bxc3+ 6.bxc3 Nc6 7.Qg4 g6 8.Bd3 cxd4 9.cxd4 Qb6 
10.Ne2 Nge7 11.O-O Nf5 12.c3 Bd7 13.Bg5 h5 14.Qf4 
Nce7 15.Bf6 Rg8 16.h3 a6 17.g4 hxg4 18.hxg4 Ng7 
19.Qh6 Ngf5 20.gxf5 gxf5+ 21.Kh1 Ng6 22.Rfg1 Bb5 
23.Rab1 Qa5 24.Bxb5+ axb5 25.Qh7 Rf8 26.Rxg6 fxg6 
27.Qe7+ 1-0

[Event "HCL-C289"]
[Site "www.playchess.de"]
[Date "2001.04.22"]
[Round "5"]
[White "Edik"]
[Black "Lukas"]
[WhiteElo "1253"]
[BlackElo "845"]
[PlyCount "81"]
[Result "1-0"]

1.e4 e5 2.Nf3 Nc6 3.Bb5 Nf6 4.O-O Nxe4 5.d4 Nd6 
6.Bxc6 dxc6 7.dxe5 Nf5 8.Qxd8+ Kxd8 9.Nc3 Ke8 
10.Ne4 h6 11.b3 Be6 12.Bb2 a5 13.Nd4 Nxd4 14.Bxd4 
b6 15.Rad1 Bf5 16.Rfe1 Bxe4 17.Rxe4 Rd8 18.Ree1 
Be7 19.Bc3 Bb4 20.Rxd8+ Kxd8 21.Rd1+ Kc8 22.Bb2 
Rd8 23.Rxd8+ Kxd8 24.Kf1 Kd7 25.Ke2 Ke6 26.g4 g6 
27.Kd3 Bc5 28.f4 h5 29.h3 Bf2 30.Ke4 h4 31.f5+ 
gxf5+ 32.gxf5+ Kd7 33.Bc1 Be1 34.Bg5 Bg3 35.Bf4 
Be1 36.Kf3 c5 37.c4 c6 38.a4 Bc3 39.Kg4 Be1 40.Bg5 
Bg3 41.Bf6 1-0

[Event "HCL-A131"]
[Site "www.playchess.de"]
[Date "2001.04.22"]
[Round "19"]
[White "Translightor"]
[Black "waz2000"]
[WhiteElo "1414"]
[BlackElo "1895"]
[PlyCount "115"]
[Result "1-0"]

1.e4 {Hi & Good Luck!}  e5 2.Nf3 d5 3.Nxe5 Qe7 
4.d4 f6 5.Nc3 fxe5 6.Nxd5 Qd7 7.Qh5+ Kd8 8.Qxe5 
Nc6 9.Qg5+ Be7 10.Nxe7 Qxe7 11.Qxe7+ Ngxe7 12.c3 
Bd7 13.f4 Re8 14.e5 Bf5 15.h3 Rf8 16.g4 Be4 17.Rh2 
Kd7 18.f5 Nd5 19.Bd2 Rae8 20.O-O-O g6 21.f6 Bf3 
22.Re1 Nb6 23.b3 Bd5 24.c4 Bf7 25.Bc3 Kc8 26.g5 
Nd7 27.Rhe2 Nd8 28.h4 c6 29.Bh3 Ne6 30.R2e4 Kb8 
{Happy Easter}  31.a4 {Happy Easter to you, too.}  
Red8 32.Bb4 c5 33.d5 Nxe5 34.dxe6 Nd3+ 35.Kb1 Bxe6 
36.R4xe6 cxb4 37.Rd1 Nf4 38.Rxd8+ Rxd8 39.Re7 Nxh3 
40.f7 Rd1+ 41.Kc2 Rf1 42.Re8+ Kc7 43.f8Q {%}  Rxf8 
44.Rxf8 a5 45.Rf1 Kd6 46.Kd3 Ke5 47.Ke3 Ke6 48.Kf3 
Ke5 49.Kg3 Nxg5 50.hxg5 Kd4 51.Kf4 Kc3 52.Rf3+ Kd4 
53.Rh3 b6 54.Rxh7 Kc3 {i am going down fast, you 
are playing very good}  55.Rh3+ {This has been one 
of my best games on PlayChess, thank you!}  Kd4 
{why did you pick me for your best game??}  56.Rf3 
{Matter of coincidence. I went out of theory with 
a knight down, so I had to do something.}  Kc5 
{well you played well, i only have a chance at a 
stale mate i think only if you make a mistake 
which}  57.Ke5 {It's easily won for me now. Take 
it easy: All in all you're the better player, only 
1 loss so far!}  Kc6 58.Rf6+ 1-0